000 01242nam a2200301Ia 4500
001 ebr10408026
003 CaPaEBR
006 m u
007 cr cn|||||||||
008 100428s2010 bccab sb 001 0 eng d
020 _z9780865716704
020 _z0865716706
040 _aCaPaEBR
_cCaPaEBR
035 _a(OCoLC)670283603
050 1 4 _aTD388
_b.Y83 2010eb
100 1 _aYudelson, Jerry.
245 1 0 _aDry run
_h[electronic resource] :
_bpreventing the next urban water crisis /
_cJerry Yudelson; foreword by Sharon B. Megdal.
260 _aGabriola Island, BC :
_bNew Society Publishers,
_cc2010.
300 _axix, 283 p., [8] p. :
_bill. (some col.), maps.
504 _aIncludes bibliographical references (p. 243-272) and index.
533 _aElectronic reproduction.
_bPalo Alto, Calif. :
_cebrary,
_d2010.
_nAvailable via World Wide Web.
_nAccess may be limited to ebrary affiliated libraries.
650 0 _aMunicipal water supply.
650 0 _aWater conservation projects.
650 0 _aWater efficiency.
655 7 _aElectronic books.
_2local
710 2 _aebrary, Inc.
856 4 0 _uhttp://site.ebrary.com/lib/rucke/Doc?id=10408026
_zAn electronic book accessible through the World Wide Web; click to view
999 _c183049
_d183049